000 00741nam a2200265Ia 4500
003 OSt
005 20221005081019.0
006 a|||||r|||| 00| 0
007 ta
008 221004b |||||||| |||| 00| 0 eng d
020 _a9788191083330 (pbk)
024 _a14635
037 _bGift, 08/12/2014,
_cTextual
040 _aCRL
_cCRL
_beng
041 _2eng
_aeng
082 _aT.2, Q4
100 _aArora Harbeen
_9610782
245 0 _aDawn of a new vibrant India
260 _aNew Delhi
_bPerfect Publication India
_c2014
300 _axvi, 205p.
_ccm.
650 _aEDUCATION
700 _a Rai Vinay
_9610783
942 _hT.2, Q4
_cTEXL
_2cc
999 _c987030
_d987030